FAO soils bulletin N.39 Salt-affected soils and their management

保存先:
書誌詳細
第一著者: I P Abrol
フォーマット: 図書
言語:Undetermined
出版事項: Rome FAO 1988
主題:
タグ: タグ追加
タグなし, このレコードへの初めてのタグを付けませんか!
Thư viện lưu trữ: Trung tâm Học liệu Trường Đại học Cần Thơ
LEADER 00538nam a2200193Ia 4500
001 CTU_3836
008 210402s9999 xx 000 0 und d
082 |a 631 
082 |b S683/N.39 
100 |a I P Abrol 
245 0 |a FAO soils bulletin N.39 
245 0 |b Salt-affected soils and their management 
245 0 |c I P Abrol 
260 |a Rome 
260 |b FAO 
260 |c 1988 
650 |a soil conservation,soil science 
904 |i Nguyễn Quang Điền, 960530 
980 |a Trung tâm Học liệu Trường Đại học Cần Thơ